Scotland - Multiple Choice - Statistics

General Stats
  • This quiz has been taken 34 times
  • The average score is 8 of 10
Answer Stats
Question Answer % Correct
What is The Traditional Dress worn by men at Special Events in Scotland? Kilt
97%
What is the Scottish Word for Lake? Loch
97%
What is the national Animal of Scotland Unicorn
97%
Who is the Patron Saint of Scotland? Andrew
94%
What Sport was invented by Scotland? Golf
94%
What is the name of the most Famous Scottish Poet? Robert Burns
90%
Which Soft Drink is most popular in Scotland , overtaking Coca - Cola Irn Bru
84%
Which of these Actors is NOT Scottish Paul Rudd
71%
On Which Scottish Isle would you find the material used to make Curling Stones? Isla Craig
45%
What is scotlands approx population? 5.4 Million
42%
No matching quizzes found
Score Distribution
Percent of People with Each Score
Percentile by Number Answered
Your Score History
You have not taken this quiz